Statistiques concernant Quiz sur Adolf Hitler

Cliquez ici pour prendre le quiz!

Statistiques générales

  • Ce quiz a été pris 1 535 fois
  • Le résultat moyen est 7 sur 14

Statistiques - réponses

HintRéponse% Correct
Le nom de son livreMein Kampf
78%
Le symbole de son partiCroix gammée
67%
Ses ennemisLes juifs
66%
Qui l'a tuéAdolf Hitler
65%
Son lieu de naissanceBraunau am Inn
62%
Comment ?Balle dans la tête
57%
Il n'en avait qu'un seulTesticule
54%
Sa date de naissance20 avril 1889
53%
Son gars sûrHeinrich Himmler
45%
Le nom de son partiNSDAP
44%
Sa gadjieEva Braun
43%
Sa voitureMercedes
36%
Son compositeur favoriRichard Wagner
33%
Son terterMunich
17%

Distribution des résultats

Percentile par nombre de réponses

% des personnes avec chaque résultat

Votre développement - résultats

Vous n’avez pas pris ce quiz